Le sport en F - Statistiques

Statistiques générales
  • Ce quiz a été pris 610 fois
    552 depuis la dernière actualisation
  • Le résultat moyen est 8 sur 15
Statistiques - réponses
Indice Réponse % Correct
Équivalent du soccer selon plusieurs, les Américains, les Canadiens et les Australiens ont le leur Football
96%
Seul tennisman à avoir 20 titres de tournois du Grand Chelem à son palmarès Roger Federer
96%
La loi 13 du soccer concerne ce type de coup Franc
87%
Nom donné au bâton de golf plus petit que le bois, permettant généralement de s'approcher du vert Fer
85%
Troisième arme utilisée lors des compétitions d'escrime, avec l'épée et le sabre Fleuret
77%
Leur seule médaille olympiques fût acquise en 2016 en rugby à 7 masculin Fidji
75%
Cycliste britannique, vainqueur du Tour de France à quatre reprises entre 2013 et 2017 Christopher Froome
74%
La Scuderia Ferrari
68%
Ville allemande dont le club de football a remporté un championnat de la Bundesliga, en 1959 Francfort
63%
Pilote argentin des années 50, il est le seul à avoir été sacré champion du monde avec quatre écuries de Formule 1 différentes Juan Manuel Fangio
47%
Athlète britannique d'origine somalienne ayant réalisé le doublé 5000m/10 000m en athlétisme aux Jeux Olympiques de 2012 et 2016 Mohamed Farah
39%
Nom du parc où se déroule à chaque année le US Open au tennis Flushing Meadows
24%
Boxeur américain, médaillé d'or des poids lourds aux Jeux Olympiques de Tokyo en 1964 Joe Frazier
10%
Nom de l'équipe de hockey jouant ses parties locales au Scotiabank Saddledome Flames
5%
Stade où les Red Sox de Boston jouent leurs parties locales Fenway Park
4%
Aucun quiz correspondant
Distribution des résultats
% des personnes avec chaque résultat
Percentile par nombre de réponses
Votre historique - résultats
Vous n’avez pas pris ce quiz depuis la dernière actualisation